000 00285nam a22001217a 4500
008 210302b ||||| |||| 00| 0 eng d
041 _aeng
080 _a94
100 _a16
101 _aSHH
245 _aModern Perspectives in Western Art History
_cKleinbauer,E.W
942 _2udc
_cBK
999 _c55475
_d55475